Pension insurances in Great Britain

Saved in:
Bibliographic Details
Main Author: Kudłaszyk, Andrzej
Other Authors: Rutkowska, Małgorzata, Rembielak-Vitchev, Grażyna
Format: Book Chapter
Language:English
Tags: Add Tag
No Tags, Be the first to tag this record!

MARC

LEADER 00000naa$a2200000$$$4500
001 0151588
005 20220810085731.0
041 0 |a eng 
044 |a CZ 
245 1 0 |a Pension insurances in Great Britain  |c Andrzej Kudłaszyk, Małgorzata Rutkowska, Grażyna Rembielak-Vitchev 
100 1 |a Kudłaszyk, Andrzej 
700 1 |a Rutkowska, Małgorzata 
700 1 |a Rembielak-Vitchev, Grażyna